|
|
|
|
| LEADER |
00000csc a2200000 a 4500 |
| 001 |
65923-13 |
| 005 |
20230308210533.0 |
| 008 |
993121|1991 ||||||||r|||||||||||spa|| |
| 020 |
|
|
|a 8424126432
|
| 040 |
|
|
|b spa
|
| 041 |
1 |
|
|a spa
|
| 082 |
0 |
|
|a 500
|
| 100 |
1 |
|
|a Singer, Detlef
|9 289117
|
| 245 |
|
|
|a Animales del bosque
|c Detlef Singer. Traductor Eladio Martínez Bernaldo de Quirós
|h imp
|
| 264 |
|
|
|a Madrid
|b Everest
|c 1991
|
| 300 |
|
|
|a 79 páginas:
|b ilu
|c 15.5 cm
|
| 490 |
|
|
|a Guía de la Naturaleza Everest
|n no. 13
|
| 520 |
3 |
|
|a Un guía ideal para reconocer los animales del bosque, con fotografías de huellas de animales para su identificación.
|
| 650 |
|
|
|a Animales del bosque
|9 289118
|
| 650 |
|
|
|a Tejon
|9 289119
|
| 650 |
|
|
|a Osos
|9 289120
|
| 650 |
|
|
|a Jabali
|9 120987
|
| 650 |
|
|
|a Topillo
|9 289121
|
| 650 |
|
|
|a Raton del monte
|9 289122
|
| 650 |
|
|
|a Zoologia
|9 9610
|
| 852 |
|
|
|a UC-CDJBV
|c ESTANTERIA CERRADA
|f Donación
|k mariana.quezada
|l 1
|m General
|p 19931210
|q 28000
|r 2
|t 65923-13
|b 0
|d CDRC
|e CDRC
|g 500 ESTANTERIA CERRADA
|z 1993-31-21
|
| 942 |
|
|
|
| 999 |
|
|
|c 115533
|d 115533
|